Montessori en casa : (Record no. 192821)

MARC details
000 -LEADER
campo de control de longitud fija 01278nam a2200349 i 4500
001 - NÚMERO DE CONTROL
campo de control 192821
003 - IDENTIFICADOR DE NÚMERO DE CONTROL
campo de control SpMaBN
005 - FECHA Y HORA DE LA ÚLTIMA TRANSACCIÓN
campo de control 20240314063034.0
008 - DATOS DE LONGITUD FIJA--INFORMACIÓN GENERAL
campo de control de longitud fija 161003s2016 sp d 001 0 spa
017 ## - NÚMERO DE COPYRIGHT O DE DEPÓSITO LEGAL
Número de copyright o de depósito legal B 14239-2016
Agencia que asigna Oficina Depósito Legal Barcelona
020 ## - NÚMERO INTERNACIONAL ESTÁNDAR DEL LIBRO
Número Internacional Estándar del Libro 9788416820108
035 ## - NÚMERO DE CONTROL DEL SISTEMA
Número de control de sistema (OCoLC)960915702
040 ## - FUENTE DE CATALOGACIÓN
Centro catalogador/agencia de origen SpMaBN
Lengua de catalogación spa
Centro/agencia transcriptor SpMaBN
Normas de descripción rdc
Centro/agencia modificador ES-MaACL
080 ## - NÚMERO DE LA CLASIFICACIÓN DECIMAL UNIVERSAL
Número de la Clasificación Decimal Universal 371.4
100 1# - ENTRADA PRINCIPAL--NOMBRE DE PERSONA
Nombre de persona Tébar, Cristina
Término indicativo de función/relación Autor
9 (RLIN) 226470
245 10 - MENCIÓN DEL TÍTULO
Título Montessori en casa :
Resto del título el cambio empieza en tu familia /
Mención de responsabilidad, etc. Cristina Tébar
246 0# - FORMA VARIANTE DEL TITULO
Texto de visualización Subtítulo en cubierta:
Título propio/Titulo breve Cómo educar niños autónomos y felices con el enfoque Montessori
250 ## - MENCION DE EDICION
Mención de edición Tercera edición: diciembre de 2016
260 ## - PUBLICACIÓN, DISTRIBUCIÓN, ETC.
Lugar de publicación, distribución, etc. Barcelona :
Nombre del editor, distribuidor, etc. Plataforma Editorial,
Fecha de publicación, distribución, etc. 2016
300 ## - DESCRIPCIÓN FÍSICA
Extensión 133 páginas :
Otras características físicas gráficos (blanco y negro) ;
Dimensiones 22 cm
336 ## - TIPO DE CONTENIDO
Término de tipo de contenido Texto (visual)
Fuente isbdcontent
337 ## - TIPO DE MEDIO
Nombre/término del tipo de medio sin mediación
Fuente isbdmedia
490 1# - MENCIÓN DE SERIE
Mención de serie Plataforma actual
500 ## - NOTA GENERAL
Nota general Índice
504 ## - NOTA DE BIBLIOGRAFÍA, ETC.
Nota de bibliografía, etc. Bibliografía: páginas 131-132
650 #4 - PUNTO DE ACCESO ADICIONAL DE MATERIA--TÉRMINO DE MATERIA
Término de materia o nombre geográfico como elemento de entrada Método Montessori
Fuente del encabezamiento o término embne
9 (RLIN) 15020
830 ## - PUNTO DE ACCESO ADICIONAL DE SERIE-TÍTULO UNIFORME
9 (RLIN) 192007
Título uniforme Plataforma actual
852 ## - LOCALIZACIÓN
Ubicación ES-MaACL
Sublocalización o colección R.151859
Ubicación en estantería Depósito J
Donativo/Legado Donación: Editorial
Número de control de estantería N-8443
itemnumber 200123
942 ## - ELEMENTOS DE ENTRADA SECUNDARIOS (KOHA)
Tipo de ítem Koha Libro impreso
Suprimir en OPAC No
Holdings
Estatus retirado Estado de pérdida Fuente del sistema de clasificación o colocación Estado de daño No para préstamo Biblioteca de origen Biblioteca actual Ubicación en estantería Fecha de adquisición Fuente de adquisición Total de préstamos Signatura topográfica completa Código de barras Visto por última vez Precio de reemplazo Tipo de ítem Koha
    Clasificación decimal universal     Biblioteca del Ateneo de Madrid Biblioteca del Ateneo de Madrid Depósito J 18/07/2023 Donación   N-8443 101205412 29/05/2023 29/05/2023 Libro impreso